000 00884cam a2200277 i 4500
001 17012670
003 OSt
005 20230929160918.0
008 111020t20122012nyua b 001 0 eng
010 _a 2011941616
020 _a9788173194153
040 _aDLC
_beng
_cDLC
_erda
_dDLC
042 _apcc
050 0 0 _aQA299.8
_b.P66 2012
082 0 4 _a515.7
_bPON/F
100 _aPonnusamy, S
_q(Saminathan)
_93733
245 1 0 _aFoundations of functional analysis /
_cS. Ponnusamy.
264 1 _aNew Delhi :
_bNarosa,
_c[2017]
300 _a457 pages :
_billustrations ;
_c24 cm
336 _atext
_btxt
_2rdacontent
337 _aunmediated
_bn
_2rdamedia
338 _avolume
_bnc
_2rdacarrier
650 0 _aMathematical analysis
_xFoundations.
650 0 _aMathematical analysis
_vProblems, exercises, etc.
942 _2ddc
_cBK
_h515.7
_iPON/F
_k515.7
_mPON/F
999 _c42363
_d42363